|
|
|
|
| LEADER |
00000nam0a2200000 4500 |
| 001 |
337828 |
| 005 |
20231102005005.0 |
| 035 |
|
|
|a (RuTPU)RU\TPU\book\364316
|
| 090 |
|
|
|a 337828
|
| 100 |
|
|
|a 20171114d1978 k y0rusy50 ca
|
| 101 |
1 |
|
|a rus
|c eng
|
| 102 |
|
|
|a RU
|
| 105 |
|
|
|a a z 001zy
|
| 200 |
1 |
|
|a Фонтанирующий слой
|d Spouted beds
|e пер. с англ.
|e [монография]
|f К. Матур, Н. Эпстайн
|g под ред. И. П. Мухленова, А. Е. Горштейна
|
| 210 |
|
|
|a Ленинград
|c Химия
|d 1978
|
| 215 |
|
|
|a 288 с.
|c ил.
|
| 320 |
|
|
|a Библиогр.: с. 271-282
|
| 320 |
|
|
|a Предметный указатель: с. 283-285
|
| 510 |
1 |
|
|a Spouted beds
|z eng
|
| 606 |
1 |
|
|a Кипящий слой
|x Исследование
|2 stltpush
|3 (RuTPU)RU\TPU\subj\31813
|9 54565
|
| 610 |
1 |
|
|a зернистые материалы
|
| 610 |
1 |
|
|a фонтанирование
|
| 610 |
1 |
|
|a газ
|
| 610 |
1 |
|
|a потоки
|
| 610 |
1 |
|
|a твердые частицы
|
| 610 |
1 |
|
|a движение
|
| 610 |
1 |
|
|a структура
|
| 610 |
1 |
|
|a устойчивость
|
| 610 |
1 |
|
|a истирание
|
| 610 |
1 |
|
|a теплообмен
|
| 610 |
1 |
|
|a массопередача
|
| 610 |
1 |
|
|a сушка
|
| 610 |
1 |
|
|a химические реакции
|
| 610 |
1 |
|
|a физические процессы
|
| 610 |
1 |
|
|a химические процессы
|
| 610 |
1 |
|
|a модификации
|
| 610 |
1 |
|
|a конструирование
|
| 610 |
1 |
|
|a монографии
|
| 675 |
|
|
|a 66.096.5
|v 4
|
| 700 |
|
1 |
|a Матур
|b К.
|g Кишан Б.
|
| 701 |
|
1 |
|a Эпстайн
|b Н.
|g Норман
|
| 702 |
|
1 |
|a Мухленов
|b И. П.
|4 340
|
| 702 |
|
1 |
|a Горштейн
|b А. Е.
|4 340
|
| 801 |
|
1 |
|a RU
|b 63413507
|c 20171114
|
| 801 |
|
2 |
|a RU
|b 63413507
|c 20181023
|g RCR
|
| 942 |
|
|
|c BK
|